000 01031nam a2200301 i 4500
001 bg
100 1 _aBYRDY, Czesław
245 1 0 _aCiepłochronne konstrukcje ścian zewnętrznych budynków mieszkalnych /
_cCzesław Byrdy ; Politechnika Krakowska im. Tadeusza Kościuszki.
260 _aKraków :
_bWydawnictwo Politechniki Krakowskiej,
_c2006.
300 _a190 s. :
_bil. ;
_c24 cm.
500 _aTyt. grzb.: Ciepłochronne konstrukcje ścian...
504 _aBibliogr. s. 188-190.
521 _aPodręcznik dla studentów wyższych szkół technicznych.
650 9 _aBudownictwo mieszkaniowe
650 9 _aIzolacje cieplne
_xbudownictwo
650 9 _aŚciany zewnętrzne
_xmateriały
655 _aPodręczniki akademickie
015 _aPB 13883/2006
020 _a837242392X
020 _a9788372423924
040 _cBPK
041 0 _apol
080 _a692.2:699.8:69::728](075.8)
920 _a83-7242-392-X
920 _a978-83-7242-392-4
942 _cKS
008 s pl f |000 0 pol
999 _c52180
_d52180
856 _uhttp://koha.tu.koszalin.pl/cgi-bin/koha/opac-detail.pl?biblionumber=52180
_yKatalog online BPK